Estudios sobre la organización económica y la Hacienda Pública de Chile
Сохранить в:
| Главный автор: | |
|---|---|
| Формат: | |
| Язык: | испанский |
| Опубликовано: |
Madrid
Reus S. A
1929
|
| Редактирование: | 1a. ed |
| Предметы: | |
| Метки: |
Добавить метку
Нет меток, Требуется 1-ая метка записи!
|
MARC
| LEADER | 00000cam a2200000 a 4500 | ||
|---|---|---|---|
| 001 | UCE2769 | ||
| 003 | CL-VaPUC | ||
| 008 | 140724e19290000sp |||||||||||||||||spa|d | ||
| 082 | 0 | 4 | |a 346.02 |b CRU |2 21 |
| 100 | 0 | |a Cruchaga, Miguel |e author |9 575347 | |
| 245 | 1 | 0 | |a Estudios sobre la organización económica y la Hacienda Pública de Chile |
| 250 | |a 1a. ed | ||
| 300 | |a t | ||
| 942 | |c BK | ||
| 945 | |d 20140724 10:48:00 |a dcastane | ||
| 260 | |a Madrid |b Reus S. A |c 1929 | ||
| 650 | 0 | |a Administración pública |9 255343 | |
| 650 | 0 | |a Hacienda pública |9 258673 | |
| 650 | 0 | |a Desarrollo económico y social |9 256320 | |
| 650 | 0 | |a Política económica |9 255029 | |
| 650 | 7 | |a DERECHO LABORAL |2 CL-VaPUC |9 15 | |
| 583 | |a last modification |c 20170803 01:31:24 |k Rodrigo Vera | ||
| 999 | |c 356343 |d 356341 | ||
| 952 | |0 0 |1 0 |3 erb |4 0 |6 346_020000000000000_CRU_1929 |7 0 |8 A |9 463613 |a BIBHIS |b BIBHIS |i 5038529 |o 346.02 CRU 1929 |p 5038529 |r 2025-01-20 |w 2019-11-23 |y BK |z Catalogado en:20140724 |k HIS | ||